Význam propagácie a reklamy odevov v podmienkach trhového mechanizmu záverečná práca postgraduálneho štúdia

Gespeichert in:
Bibliographische Detailangaben
1. Verfasser: Sekera, Milan
Körperschaft: Vysoká škola ekonomická v Bratislave
Weitere Verfasser: Prachár, Juraj
Format: Buch
Sprache:Slowakisch
Veröffentlicht: Bratislava 1991
Tags: Tag hinzufügen
Keine Tags, Fügen Sie das erste Tag hinzu!

MARC

LEADER 00000nam a2200000 4500
001 c035081
005 20221214095258.1
041 0 |a slo 
044 |a SK 
245 1 0 |a Význam propagácie a reklamy odevov v podmienkach trhového mechanizmu  |b záverečná práca postgraduálneho štúdia  |c Milan Sekera ; Ved. práce Juraj Prachár 
264 1 |a Bratislava  |c 1991 
300 |a 41 s. 
100 1 |a Sekera, Milan 
700 1 |a Prachár, Juraj 
710 2 |a Vysoká škola ekonomická v Bratislave